| 000 -LEADER |
| fixed length control field |
00755nam a22002177a 4500 |
| 008 - FIXED-LENGTH DATA ELEMENTS--GENERAL INFORMATION |
| fixed length control field |
150707b xxu||||| |||| 00| 0 alb d |
| 020 ## - INTERNATIONAL STANDARD BOOK NUMBER |
| International Standard Book Number |
9789951602013 |
| 041 0# - LANGUAGE CODE |
| Language code of text/sound track or separate title |
alb |
| 080 ## - UNIVERSAL DECIMAL CLASSIFICATION NUMBER |
| Universal Decimal Classification number |
321.7(091) |
| 100 ## - Rafti |
| Rafti |
David Held ; |
| 245 ## - TITLE STATEMENT |
| Title |
Modelet e demokracisë : |
| Statement of responsibility, etc |
David Held ; përktheu nga gjuha angleze Florim Canolli. |
| 260 ## - |
| -- |
Prishtinë : |
| -- |
Cuneus, |
| -- |
2011. |
| 300 ## - |
| -- |
434 f. ; |
| -- |
24 cm. |
| 500 ## - |
| -- |
Parathënie e botimit në gjuhën shqipe : f. [XI]-XV |
| 500 ## - |
| -- |
Parathënie për edicionin e tretë : [XVII]-XXI |
| 505 ## - |
| -- |
Bibliografia : f. [401[-425 |
| 505 ## - |
| -- |
Indeksi : f. [426]-434 |
| 650 4# - |
| -- |
Titulli i origjinalit : Models of Democracy |
| 650 4# - |
| -- |
Demokracia |x Historia |
| 942 ## - ADDED ENTRY ELEMENTS (KOHA) |
| Source of classification or shelving scheme |
|
| Item type |
Books |